000 01605cam a2200397 i 4500
001 14893
003 Mx-PuUPA
005 20251113114500.0
008 140415s2020 mx ad gr 000 0 spa d
020 _a9786071739964
040 _cMx-PuUPA
_aMx-PuUPA
_bspa
_dMx-PuUPA
_erda
041 0 _aspa
245 0 0 _aProducción forestal /
_ccon la colaboración de F. Kirchner Salinas, A. Granados Cienfuegos, A. Orozco Luna
250 _aQuinta edición
264 1 _aCiudad de México :
_bEditorial Trillas : SEP,
_c©2020
300 _a176 páginas :
_bilustraciones, gráficas, diagramas, tablas ;
_c24 cm
336 _2rdacontent
_atexto
_btxt
336 _2rdacontent
_aimagen fija
_bsti
337 _2rdamedia
_asin medio
_bn
338 _2rdacarrier
_avolumen
_bnc
490 0 _aManuales para educación agropecuaria. Producción forestal
500 _a"Reimpresiones: (enero 2023).
500 _a"Basado en el trabajo de Dr. Ir. Pieter Grijpma" -- Contraportada
500 _a"Silvicultura ; Especies forestales ; Regeneración forestal ; Producción ; Protección forestal" -- Cubierta
650 7 _2armarc
_aBosques
650 7 _2armarc
_aExplotación forestal
650 7 _2armarc
_aForestación
650 7 _2armarc
_aÁrboles
_xMejoramiento selectivo
700 1 _aKirchner Salinas, F.,
_ecolaborador
700 1 _aGranados Cienfuegos, A.,
_ecolaborador
700 1 _aOrozco Luna, A.,
_ecolaborador
942 _2ddc
_cLI
_h634.98
_iP62
999 _c14893
_d14893